[Event "CRO-chT2 Ost"]
[Site "Croatia"]
[Date "2015.05.09"]
[Round "4.32"]
[White "Perkovic, Zeljko"]
[Black "Vince, Renato"]
[Result "0-1"]
[WhiteElo "1981"]
[BlackElo "2142"]
[PlyCount "112"]
[EventDate "2015.04.25"]
[EventType "team-tourn"]
[EventRounds "11"]
[EventCountry "CRO"]
[SourceTitle "EXT 2016"]
[Source "ChessBase"]
[SourceDate "2015.10.08"]
[SourceVersion "1"]
[SourceVersionDate "2015.10.08"]
[SourceQuality "1"]

1. d4 Nf6 2. c4 g6 3. Nc3 d5 4. cxd5 Nxd5 5. e4 Nxc3 6. bxc3 Bg7 7. Bb5+ c6 8. Ba4 0-0 9. f4 c5 10. Be3 Qa5 11. Bd2 cxd4 12. cxd4 Qb6 13. Bc3 Rd8 14. e5 Bf5 15. Qd2 Qa6 16. Bb3 e6 17. Ne2 Be4 18. 0-0 Nc6 19. Rfd1 Bd5 20. Bc2 Rd7 21. g4 Bf3 22. Kf2 Bxg4 23. Be4 Rad8 24. Bxc6 Qxc6 25. Qe3 Bxe2 26. Kxe2 Bh6 27. Kd3 b5 28. a3 Qc4+ 29. Ke4 Qc6+ 30. Kd3 Rc8 31. Rac1 Qc4+ 32. Ke4 Rdc7 33. Kf3 Bf8 34. Kg3 Qb3 35. Bd2 Qxe3+ 36. Bxe3 Rc3 37. Kf2 Bxa3 38. Rxc3 Rxc3 39. d5 Bc5 40. Bxc5 Rxc5 41. d6 Rc8 42. Ra1 Ra8 43. Ke3 Kf8 44. Ra6 b4 45. Kd3 Ke8 46. Kc4 Rb8 47. Rxa7 b3 48. Ra1 f6 49. Rb1 fxe5 50. fxe5 b2 51. Kd4 Kd7 52. Kc5 Rb3 53. Kc4 Re3 54. Kd4 Re2 55. h3 Kc6 56. Rd1 Rd2+ 0-1

[Event "CRO-Cup 18th"]
[Site "Sibenik"]
[Date "2009.05.22"]
[Round "3"]
[White "Havas, Juraj"]
[Black "Vince, Renato"]
[Result "0-1"]
[WhiteElo "1952"]
[BlackElo "2047"]
[PlyCount "230"]
[EventDate "2009.05.20"]
[EventType "team-tourn"]
[EventRounds "5"]
[EventCountry "CRO"]
[SourceTitle "CBM 130 Extra"]
[Source "ChessBase"]
[SourceDate "2009.07.02"]
[SourceVersion "2"]
[SourceVersionDate "2009.07.15"]
[SourceQuality "1"]

1. d4 Nf6 2. c4 g6 3. Nc3 Bg7 4. e4 d6 5. f3 Nbd7 6. Nh3 e5 7. d5 0-0 8. Nf2 Ne8 9. Be3 f5 10. Qc2 f4 11. Bd2 Nef6 12. 0-0-0 Nh5 13. Kb1 Nc5 14. Rc1 a5 15. b3 Bd7 16. Nd3 Nxd3 17. Bxd3 Qe7 18. Nb5 c6 19. dxc6 bxc6 20. Nc3 Be6 21. Rhd1 Rfb8 22. Na4 c5 23. Bc3 Bd7 24. Ka1 Ra6 25. Qd2 Rba8 26. Bc2 Nf6 27. Rb1 Be6 28. Rb2 Bf8 29. Rdb1 Nd7 30. Qd3 Nb8 31. Qd2 Nc6 32. Bd1 Qh4 33. h3 Nd4 34. Qf2 Qf6 35. Qd2 Nc6 36. Bc2 Kf7 37. Qf2 h5 38. Rd1 g5 39. Rh1 Be7 40. Rbb1 Rg8 41. Rbg1 Ke8 42. Rd1 Nd4 43. Rdg1 Kd7 44. Bd1 Kc6 45. Qd2 Bd8 46. Qf2 Ra7 47. Qf1 g4 48. hxg4 hxg4 49. Be1 g3 50. Rh5 Rag7 51. Rgh1 Kb7 52. Bc3 Bf7 53. Rh6 Rg6 54. Rh7 Ne6 55. Qe1 Ka6 56. Qf1 Nf8 57. R7h5 Qe6 58. R5h3 Qe7 59. Rh5 Ne6 60. Rh7 R6g7 61. R7h6 Qc7 62. Qd3 Bg5 63. R6h3 Rf8 64. Qf1 Nd4 65. Rh8 Qd8 66. R8h7 Rfg8 67. R7h3 Be8 68. Rh7 Qe7 69. R7h3 Bd7 70. Rh5 Rb8 71. Qd3 Rb7 72. Rh8 Bf6 73. Qf1 Be8 74. R8h6 Bg5 75. Nxc5+ Ka7 76. Nxb7 Bxh6 77. Rxh6 Kxb7 78. Qh1 a4 79. Qh4 Qc7 80. Qf6 axb3 81. axb3 Rd7 82. Bxd4 Qa5+ 83. Kb1 Qd2 84. Bxe5 Qxd1+ 85. Kb2 Qd2+ 86. Ka3 Qa5+ 87. Kb2 Qxe5+ 88. Qxe5 dxe5 89. Re6 Rd2+ 90. Kc3 Bd7 91. Re7 Rxg2 92. Rxd7+ Kc6 93. Rg7 Rf2 94. Rg6+ Kd7 95. c5 Rxf3+ 96. Kc4 Rf2 97. Kd5 g2 98. Rg7+ Ke8 99. c6 f3 100. Rg8+ Kf7 101. c7 Rc2 102. Rg3 f2 103. Rxg2 f1Q 104. Rxc2 Qd3+ 105. Kxe5 Qxc2 106. Kd6 Qd3+ 107. Ke5 Qc2 108. Kd6 Qd3+ 109. Kc6 Qxe4+ 110. Kd7 Qd5+ 111. Kc8 Ke7 112. Kb8 Qb5+ 113. Ka8 Qa6+ 114. Kb8 Qb6+ 115. Ka8 Kd7 0-1

[Event "Bizovac Metalis op 15th"]
[Site "Bizovac"]
[Date "2008.02.21"]
[Round "1"]
[White "Rogulj, Branko"]
[Black "Vince, Renato"]
[Result "1-0"]
[WhiteElo "2389"]
[BlackElo "1985"]
[PlyCount "75"]
[EventDate "2008.02.21"]
[EventType "swiss"]
[EventRounds "7"]
[EventCountry "CRO"]
[SourceTitle "CBM 122 Extra"]
[Source "ChessBase"]
[SourceDate "2008.03.04"]
[SourceVersion "1"]
[SourceVersionDate "2008.03.04"]
[SourceQuality "1"]

1. e4 c5 2. Nc3 Nc6 3. g3 g6 4. Bg2 Bg7 5. d3 d6 6. f4 e6 7. Nf3 Qc7 8. 0-0 a6 9. Be3 Nf6 10. h3 0-0 11. g4 b5 12. Ne2 Bb7 13. Ng3 Nd7 14. c3 Ne7 15. Qd2 f6 16. d4 Nb6 17. b3 c4 18. Rac1 d5 19. e5 f5 20. Ne2 Bc6 21. Qe1 h6 22. Rb1 Rfb8 23. Bc1 Nec8 24. Ba3 Qd8 25. Kh1 Bf8 26. Bxf8 Qxf8 27. Nh4 Ne7 28. Rg1 Kh7 29. Bf3 Be8 30. Ng2 Ng8 31. Ne3 Qe7 32. Qg3 fxg4 33. hxg4 Bd7 34. f5 Qg5 35. Nf4 exf5 36. e6 Bxe6 37. Nxe6 Qxe3 38. Qc7+ 1-0

[Event "Bizovac Metalis op 14th"]
[Site "Bizovac"]
[Date "2007.02.22"]
[Round "1"]
[White "Kovacevic, Blazimir"]
[Black "Vince, Renato"]
[Result "1-0"]
[WhiteElo "2448"]
[BlackElo "2000"]
[PlyCount "87"]
[EventDate "2007.02.22"]
[EventType "swiss"]
[EventRounds "7"]
[EventCountry "CRO"]
[SourceTitle "CBM 116 Extra"]
[Source "ChessBase"]
[SourceDate "2007.03.07"]
[SourceVersion "1"]
[SourceVersionDate "2007.03.07"]
[SourceQuality "1"]

1. d4 d5 2. c4 e6 3. Nc3 Nf6 4. cxd5 exd5 5. Bg5 Be7 6. e3 c6 7. Bd3 h6 8. Bf4 Bd6 9. Nge2 Bxf4 10. Nxf4 Qd6 11. Qc2 Nbd7 12. 0-0-0 Nb6 13. Kb1 g5 14. Nfe2 Ng4 15. Ng3 Nf6 16. h4 Bg4 17. hxg5 Bxd1 18. Qxd1 Ng8 19. Nf5 Qf8 20. gxh6 0-0-0 21. Qh5 Kb8 22. g4 Ne7 23. Nxe7 Qxe7 24. Qe5+ Qxe5 25. dxe5 d4 26. exd4 Rxd4 27. Bf5 Kc7 28. Ne4 Nc4 29. e6 Rxe4 30. Bxe4 Nd2+ 31. Kc2 Nxe4 32. exf7 Ng5 33. f4 Nxf7 34. g5 Kd7 35. h7 Ke7 36. g6 Kf6 37. gxf7 Kxf7 38. Kc3 Kg7 39. Rd1 Kf6 40. Rd7 Kf5 41. Rxb7 Kxf4 42. Rxa7 Ke5 43. Ra5+ Kd6 44. Rh5 1-0